| 000 | 01140pam a2200337 a 4500 | ||
|---|---|---|---|
| 001 | 3238 | ||
| 003 | FISKH | ||
| 005 | 20250409111431.0 | ||
| 008 | 880408s1988 nyua j 000 1 eng | ||
| 010 | _a 88014204 | ||
| 020 | _a0670821764 (lib. bdg.) | ||
| 020 | _a9780590439428 | ||
| 040 |
_aDLC _cDLC _dDLC _beng |
||
| 042 | _alcac | ||
| 050 | 0 | 0 |
_aPZ7.K6797 _bHo 1988 |
| 082 | 0 | 0 |
_a[Fic] _219 |
| 100 | 1 | _aKline, Suzy. | |
| 245 | 1 | 0 |
_aHorrible Harry in room 2B / _cby Suzy Kline ; pictures by Frank Remkiewicz. |
| 250 | _aFirst Scholastic printing, September 1990 | ||
| 260 |
_aNew York ; _bScholastic, _c1988. |
||
| 300 |
_a56 pages : _billustrations ; _c20 cm |
||
| 505 | _aJ | ||
| 520 | _aDoug discovers that though being Harry's best friend in Miss Mackle's second grade class isn't always easy, as Harry likes to do horrible things, it is often a lot of fun. | ||
| 521 | 8 |
_a480
_bLexile |
|
| 521 | 8 |
_aJ
_bRaz-Plus |
|
| 650 | 1 |
_aFriendship _xFiction. |
|
| 650 | 1 |
_aSchools _xFiction. |
|
| 700 | 1 |
_aRemkiewicz, Frank, _eillustrator |
|
| 906 |
_a7 _bcbc _corignew _d1 _eocip _f19 _gy-gencatlg |
||
| 942 |
_2ddc _cBK _n0 |
||
| 999 |
_c3238 _d3238 |
||